ប្រសិទ្ធភាពល្បាយផ្សេងគ្នាទៅលើការលូតលាស់នៃការកាត់ពង្រីកពូជដំឡូងបារាំង effect of different substras on growth of potato propagtion (Record no. 19215)

000 -LEADER
fixed length control field 00646nam a22001337a 4500
040 ## - CATALOGING SOURCE
Transcribing agency RUA
082 ## - DEWEY DECIMAL CLASSIFICATION NUMBER
Classification number AGR CHH 2017 B663 Or.1
100 ## - MAIN ENTRY--AUTHOR NAME
Personal name CHHENG CHHAIYA ឆេង ឆៃយ៉ា
245 ## - TITLE STATEMENT
Title ប្រសិទ្ធភាពល្បាយផ្សេងគ្នាទៅលើការលូតលាស់នៃការកាត់ពង្រីកពូជដំឡូងបារាំង effect of different substras on growth of potato propagtion
260 ## - PUBLICATION, DISTRIBUTION, ETC. (IMPRINT)
Place of publication RUA
Name of publisher Phnom penh
Year of publication 2017
300 ## - PHYSICAL DESCRIPTION
Number of Pages ix;37p
Other physical details ill;
Dimensions 29cm
856 ## - ELECTRONIC LOCATION AND ACCESS
Uniform Resource Identifier https://drive.google.com/file/d/1c1Xz6k-v3EVdxix8ud7wYedTeXQBfTjV/view?usp=sharing
942 ## - ADDED ENTRY ELEMENTS (KOHA)
Koha item type AGR
952 ## - LOCATION AND ITEM INFORMATION (KOHA)
Withdrawn status [LOCAL, KOHA] 0
952 ## - LOCATION AND ITEM INFORMATION (KOHA)
Withdrawn status [LOCAL, KOHA] 0
952 ## - LOCATION AND ITEM INFORMATION (KOHA)
Withdrawn status [LOCAL, KOHA] 0
952 ## - LOCATION AND ITEM INFORMATION (KOHA)
Withdrawn status [LOCAL, KOHA] 0
952 ## - LOCATION AND ITEM INFORMATION (KOHA)
Withdrawn status [LOCAL, KOHA] 0
952 ## - LOCATION AND ITEM INFORMATION (KOHA)
Withdrawn status [LOCAL, KOHA] 0
Holdings
Permanent Location Date acquired Koha item type Lost status Shelving location Barcode Current Location Full call number
Library Block B2020-05-15AGR B663A063437Library Block BAGR CHH 2017 B663 Or.1
Library Block B2020-05-15AGR B663A063233Library Block BAGR CHH 2017 B663 Or.2
Library Block B2020-05-15AGR  A080755Library Block BAGR CHH 2017 B663 Or.3
Library Block B2020-05-15AGR B663A063609Library Block BAGR CHH 2017 B663 Or.4
Library Block B2020-05-15AGR B663A063377Library Block BAGR CHH 2017 B663 Or.5
Library Block B2020-05-15AGR B663A063925Library Block BAGR CHH 2017 B663 Or.6
មជ្ឈមណ្ឌលឯការនៃសាកលវិទ្យាល័យភូមិន្ទកសិកម្មចំការដូង

Powered by Koha